Central Library OPAC University of Rajshahi

Religion as a bar to progress / (Record no. 31438)

MARC details
000 -LEADER
fixed length control field 00772nam a22002532a 4500
001 - CONTROL NUMBER
control field 31438
003 - CONTROL NUMBER IDENTIFIER
rucl marc code BD-RjUL
005 - DATE AND TIME OF LATEST TRANSACTION
control field 20211209051712.0
008 - FIXED-LENGTH DATA ELEMENTS--GENERAL INFORMATION
fixed length control field 140415t1930 enk 000 0 eng d
035 ## - SYSTEM CONTROL NUMBER
System control number (BD-RjUL)31526
040 ## - CATALOGING SOURCE
Original cataloging agency KSU
Transcribing agency KSU
Modifying agency OCL
-- EQO
Language of cataloging eng
041 ## - LANGUAGE CODE
Language code of text/sound track or separate title eng
082 04 - DEWEY DECIMAL CLASSIFICATION NUMBER
Classification number 306.091724
Author mark and year GOR 1930
090 ## - LOCALLY ASSIGNED LC-TYPE CALL NUMBER (OCLC); LOCAL CALL NUMBER (OCLC)
Classification number (OCLC) (R) ; Classification number, CALL (RLIN) (NR) BR115.P77
Local cutter number (OCLC) ; Book number/undivided call number, CALL (RLIN) G62x
100 1# - MAIN ENTRY--PERSONAL NAME
Personal name Gorham, Charles T.
Fuller form of name (Charles Turner),
Dates associated with a name 1856-1933.
9 (RLIN) 95662
245 10 - TITLE STATEMENT
Title Religion as a bar to progress /
Statement of responsibility, etc. by Charles T. Gorham
260 ## - PUBLICATION, DISTRIBUTION, ETC. (IMPRINT)
Place of publication, distribution, etc. London :
Name of publisher, distributor, etc. Watts & Co,
Date of publication, distribution, etc. 1930.
300 ## - PHYSICAL DESCRIPTION
Pagination 55 p. ;
Size 19 cm
490 1# - SERIES STATEMENT
Series statement The Forum series ;
Volume/sequential designation no. 12
650 #0 - SUBJECT ADDED ENTRY--TOPICAL TERM
Topical term or geographic name as entry element Progress
General subdivision Religious aspects
-- Christianity
9 (RLIN) 95663
830 #0 - SERIES ADDED ENTRY--UNIFORM TITLE
Volume number/sequential designation no. 12
Uniform title Forum series (London, England) ;
942 ## - ADDED ENTRY ELEMENTS (KOHA)
Source of classification or shelving scheme Dewey Decimal Classification
Koha item type Books
Holdings
Lost status Source of classification or shelving scheme Damaged status Not for loan Collection code Permanent Location Current Location Shelving location Date acquired Source of acquisition Cost, normal purchase price Total Checkouts Full call number Date last seen Copy number Koha item type
  Dewey Decimal Classification     Non-fiction Central Library, University of Rajshahi Central Library, University of Rajshahi Reading Room 19/01/1963 G.M. hilali 0.00   306.091 GOR 1930 15/04/2014 C-1 Books